| 000 | 00829nam a22002417a 4500 | ||
|---|---|---|---|
| 005 | 20230203084846.0 | ||
| 008 | 230203b |||||||| |||| 00| 0 eng d | ||
| 020 | _a978-1-260-10838-5 | ||
| 082 | _a658.5 M294 2018 | ||
| 100 |
_aJacobs, F. Robert _eauthor |
||
| 245 |
_aManufacturing planning and control for supply chain management: _bthe CPIM reference / _cF. Robert Jacobs, William L. Berry, D. Clay Whybark, Thomas E. Vollmann |
||
| 250 | _a2nd ed. | ||
| 260 |
_aNew York: _bMcGraw-Hill Education, _cc2018 |
||
| 300 |
_axxi, 617p.: _bill. |
||
| 504 | _aIncludes index | ||
| 541 | _e6340 | ||
| 650 | _aProduction planning | ||
| 650 | _aProduction control | ||
| 650 | _aBusiness logistics - Management | ||
| 700 |
_aBerry, William L. _eauthor |
||
| 700 |
_aWhybark, D. Clay _eauthor |
||
| 700 |
_aVollmann, Thomas E. _eauthor |
||
| 999 |
_c913 _d913 |
||